5 największych miast z wszystkich wojewódzstw - Statystyki

Ogólne statystyki
  • Ten quiz został rozwiązany 399 razy
    364 od ostatniego zresetowania
  • Średni wynik to 42 z 80
Statystyki odpowiedzi
województwo miasto % Poprawnych
Mazowieckie Warszawa
98%
Dolnośląskie Wrocław
92%
Lubelskie Lublin
91%
Łódzkie Łódź
89%
Małopolskie Kraków
86%
Opolskie Opole
86%
Pomorskie Gdańsk
84%
Śląskie Katowice
84%
Mazowieckie Radom
84%
Lubuskie Zielona góra
84%
Podlaskie Białystok
82%
Pomorskie Gdynia
82%
Lubuskie Gorzów Wielkopolski
80%
Podkarpackie Rzeszów
80%
Wielkopolskie Poznań
76%
Zachodniopomorskie Szczecin
76%
Kujawsko-pomorskie Bydgoszcz
73%
Świętokrzyskie Kielce
73%
Warmińsko-Mazurskie Olsztyn
73%
Kujawsko-pomorskie Toruń
73%
Mazowieckie Płock
70%
Dolnośląskie Legnica
68%
Śląskie Częstochowa
66%
Podlaskie Suwałki
64%
Śląskie Sosnowiec
63%
Warmińsko-Mazurskie Elbląg
62%
Śląskie Gliwice
62%
Dolnośląskie Jelenia góra
62%
lubelskie Zamość
62%
Dolnośląskie Wałbrzych
61%
Łódzkie Piotrków trybunalski
60%
Małopolskie Tarnów
59%
Dolnośląskie Lubin
58%
Zachodniopomorskie Kołobrzeg
57%
lubelskie Chełm
56%
Warmińsko-Mazurskie Ełk
55%
Mazowieckie Siedlce
55%
Zachodniopomorskie Koszalin
54%
Małopolskie Nowy sącz
54%
Wielkopolskie Kalisz
53%
Śląskie Bielsko-Biała
52%
Podkarpackie Przemyśl
52%
lubelskie Biała podlaska
49%
Mazowieckie Pruszków
48%
Kujawsko-pomorskie Włocławek
48%
Kujawsko-pomorskie Grudziądz
47%
Pomorskie Słupsk
47%
Kujawsko-pomorskie Inowrocław
46%
Wielkopolskie Konin
46%
Podlaskie Łomża
45%
Świętokrzyskie Sandomierz
44%
Opolskie Kędzierzyn-koźle
42%
Podlaskie Augustów
40%
Podkarpackie Mielec
40%
Zachodniopomorskie Świnoujście
40%
Podkarpackie Tarnobrzeg
40%
Wielkopolskie Gniezno
39%
Łódzkie Pabianice
37%
lubelskie Puławy
37%
Łódzkie Skierniewice
37%
Opolskie Nysa
35%
Pomorskie Wejherowo
35%
Zachodniopomorskie Stargard
34%
Pomorskie Tczew
34%
Małopolskie Oświęcim
33%
Podkarpackie Stalowa wola
33%
Łódzkie Zgierz
33%
Wielkopolskie Leszno
32%
Opolskie Brzeg
27%
Świętokrzyskie Starachowice
25%
Warmińsko-Mazurskie Iława
23%
Opolskie Kluczbork
23%
Świętokrzyskie Skarżysko-kamienna
22%
Lubuskie Świebodzin
21%
Małopolskie Chrzanów
19%
Warmińsko-Mazurskie Ostróda
18%
Lubuskie Słubice
15%
Podlaskie Zambrów
12%
Lubuskie Kostrzyn nad odrą
11%
Świętokrzyskie Ostrów świętokrzyski
7%
Nie znaleziono quizów pasujących do podanych kryteriów
Rozkład punktacji
Procent ludzi z każdym wynikiem
Percentyl według liczby udzielonych odpowiedzi
Twoja historia wyników
Nie rozwiązałeś tego quizu od ostatniego zresetowania